| 000 | 01395 a2200193 4500 | ||
|---|---|---|---|
| 001 | 48561 | ||
| 005 | 20260407155750.0 | ||
| 008 | 260407a1971 arg spa d | ||
| 003 | AR-UNSa-BCEJYS | ||
| 040 |
_aAR-UNSa-BCEJYS _bspa _cAR-UNSa-BCEJYS |
||
| 080 |
_a330.8 _xHistoria de las teorías, Doctrinas, Dogmas económicos (pensamiento económico) |
||
| 245 | 1 | 0 | _aHistoria sobre del pensamiento económico |
| 264 | 1 |
_aBarcelona : _bAriel _c1971 |
|
| 300 |
_a356 p. _c21 cm. |
||
| 505 | _a1. La historia del pensamiento económico según Joseph A. Schumpeter - 2. La creación de erarios públicos en España: El proyecto de Pedro de Oudegherste - 3. Algunos comentarios a la publicación del Ensayo sobre la naturaleza del comercio en general, de Cantillon - 4. José Cangas Arguelles y el pensamiento económico liberal español - 5. Las reflexiones sobre la variación del precio del trigo / Juan López de Peñalver - 6. La extraña asociación de Harriet Taylor y John S. Mill - 7. Thorstein Veblen (1857-1929) - 8. El profesor Schumpeter y el porvenir del sistema económico - 9. El control de los precios según Galbarith - 10. Galbarith y el nuevo capitalismo americano - 11. La sociedad opulenta, estación terminal del capitalismo - 12. La obra de J. A. Schumpeter, veinte años después - | ||
| 942 | _cBK | ||
| 590 | _aniveau_biblio:m niveau_hierar:0 | ||
| 100 | 1 | _aEstapé, Fabián | |
| 999 |
_c4629 _d4629 |
||